[Event "24th ch-EUR Indiv w 2024"]
[Site "Rhodes GRE"]
[Date "2024.04.29"]
[Round "10.46"]
[White "Ciolacu, Alessia-Mihaela"]
[Black "Tsirulnik, Maritsa"]
[Result "0-1"]
[WhiteTitle "WIM"]
[WhiteElo "2188"]
[BlackElo "2082"]
[WhiteFideId "1252640"]
[BlackFideId "14118688"]
[EventDate "2024.04.19"]

1. d4 Nf6 2. c4 e6 3. Nf3 b6 4. g3 Bb7 5. Bg2 Be7 6. O-O O-O 7. Re1 d5 8. cxd5
exd5 9. Nc3 Nbd7 10. Bf4 a6 11. Rc1 c5 12. dxc5 Nxc5 13. Be5 Re8 14. a3 Nfe4 15.
Qc2 Rc8 16. Nxe4 dxe4 17. Red1 Nd3 18. Bc7 Nxc1 19. Rxd8 Bxd8 20. Qxc1 exf3 21.
exf3 Rxc7 22. Qd2 Bf6 23. h4 b5 24. h5 h6 25. Kh2 Rd8 26. Qe2 Rcd7 27. b3 Rd3
28. Qc2 Rc3 29. Qa2 Bd5 30. f4 Bxb3 31. Qb1 Bd5 32. Bxd5 Rxd5 33. Qe4 Rxh5+ 34.
Kg2 g6 35. Qa8+ Kg7 36. Qxa6 Rd5 37. Qb7 Rd2 38. Qxb5 Rcc2 39. g4 Rxf2+ 40. Kg3
g5 41. fxg5 hxg5 42. a4 Rce2 0-1

[Event "24th ch-EUR Indiv w 2024"]
[Site "Rhodes GRE"]
[Date "2024.04.29"]
[Round "10.47"]
[White "Shuqja, Klean"]
[Black "Levitan, Ronit"]
[Result "1/2-1/2"]
[WhiteTitle "WFM"]
[BlackTitle "WFM"]
[WhiteElo "1977"]
[BlackElo "2187"]
[WhiteFideId "4701585"]
[BlackFideId "2815109"]
[EventDate "2024.04.19"]

1. e4 e5 2. Nf3 Nc6 3. Bb5 a6 4. Ba4 Nf6 5. d3 b5 6. Bb3 Bc5 7. O-O d6 8. c3 h6
9. Nbd2 O-O 10. Re1 Bb6 11. Nf1 Ne7 12. Ng3 Ng6 13. h3 Bb7 14. Nf5 Bc8 15. g4
Ne7 16. N3h4 d5 17. Qf3 Nxf5 18. Nxf5 Bxf5 19. Qxf5 dxe4 20. dxe4 Qe7 21. g5
hxg5 22. Bxg5 Qd7 23. Qxd7 Nxd7 24. Rad1 Nc5 25. Be7 Rfe8 26. Bxc5 Bxc5 27. Rd7
Re7 28. Red1 Rae8 29. Rxe7 Rxe7 30. Rd8+ Kh7 31. Kg2 a5 32. Rd5 Bb6 33. Rxb5 Rd7
34. Rd5 Rxd5 35. Bxd5 Kg6 36. Kg3 Kf6 37. b4 Ke7 38. f4 axb4 39. cxb4 Bd4 40. a4
Bc3 41. b5 f6 42. f5 Kd6 43. Kg4 Kc5 44. Kh5 Bd2 45. Kg6 Bh6 46. Kf7 Kb4 47. Bc6
Ka5 48. h4 Kb6 49. h5 Ka5 50. Be8 Kb6 51. Ke7 Be3 52. Kd7 Bd2 53. Kd8 Be3 54.
a5+ Kxa5 55. Kxc7 Bf2 56. Kd6 Kb6 1/2-1/2

[Event "24th ch-EUR Indiv w 2024"]
[Site "Rhodes GRE"]
[Date "2024.04.29"]
[Round "10.48"]
[White "Esadze, Tamari"]
[Black "Terbe, Zsuzsanna"]
[Result "0-1"]
[BlackTitle "WIM"]
[WhiteElo "1965"]
[BlackElo "2174"]
[WhiteFideId "13611186"]
[BlackFideId "708801"]
[EventDate "2024.04.19"]

1. e4 e5 2. Nf3 Nc6 3. Bb5 a6 4. Ba4 Nf6 5. O-O b5 6. Bb3 Bc5 7. c3 d6 8. d4 Bb6
9. h3 Bb7 10. Re1 O-O 11. a3 h6 12. Bc2 Ne7 13. Nbd2 Ng6 14. Nf1 Re8 15. Ng3
exd4 16. cxd4 c5 17. d5 c4 18. Bd2 a5 19. Qc1 Bc8 20. Bc3 Bc5 21. Qd2 Bd7 22.
Bd4 Rc8 23. Bxc5 Rxc5 24. Nd4 Qc7 25. Qc3 Qb6 26. Ndf5 b4 27. Qd4 Bxf5 28. Nxf5
b3 29. Bd1 Ne5 30. Re3 Kh7 31. Be2 g6 32. Ng3 Rec8 33. f4 Ned7 34. Rc3 R5c7 35.
Qxb6 Nxb6 36. Rac1 Rc5 37. Kf2 h5 38. Ke3 Re8 39. Bxc4 Nfxd5+ 40. Bxd5 Nxd5+ 41.
Kd3 Nxc3 42. bxc3 a4 43. Rb1 h4 44. Ne2 d5 45. exd5 Rxd5+ 46. Nd4 Rc8 47. Rb2
Kg7 48. Rb1 Kf6 49. Rb2 Rdc5 50. Ne2 Kf5 51. Rb1 Rd5+ 52. Nd4+ Kxf4 53. Rf1+ Kg3
54. Rxf7 Rb8 55. Rf1 Kxg2 56. Rb1 Kxh3 57. Ke4 Rc5 58. Ne2 g5 59. Rg1 Re8+ 60.
Kd4 0-1

[Event "24th ch-EUR Indiv w 2024"]
[Site "Rhodes GRE"]
[Date "2024.04.29"]
[Round "10.49"]
[White "Markantonaki, Haritomeni"]
[Black "Sivanandan, Bodhana"]
[Result "1-0"]
[WhiteTitle "WFM"]
[BlackTitle "WCM"]
[WhiteElo "2167"]
[BlackElo "2065"]
[WhiteFideId "4207050"]
[BlackFideId "497592"]
[EventDate "2024.04.19"]

1. e4 c6 2. d4 d5 3. Nd2 dxe4 4. Nxe4 Nf6 5. Nxf6+ exf6 6. c3 Bd6 7. Bd3 O-O 8.
Ne2 Re8 9. O-O Nd7 10. Ng3 g6 11. Bh6 Bf8 12. Qd2 Bxh6 13. Qxh6 Nf8 14. h4 f5
15. Rae1 Be6 16. b3 Qc7 17. h5 Qd8 18. hxg6 fxg6 19. Re5 Bf7 20. Rfe1 Qc7 21.
Bxf5 Rxe5 22. Rxe5 Re8 23. Ne4 Qd8 24. Rxe8 Bxe8 25. Bh3 Qe7 26. Qf4 Kg7 27. g3
Bf7 28. Qe5+ Qxe5 29. dxe5 b5 30. Nc5 Bd5 31. f4 Kf7 32. Kf2 Ke7 33. Ke3 h6 34.
Kd4 h5 35. Bf1 Bf3 36. Bd3 Bg2 37. a3 Bf3 38. c4 bxc4 39. Bxc4 Bg4 40. Bd3 Bf3
41. b4 Bg2 42. Ba6 Bh3 43. Bd3 Bg2 44. f5 gxf5 45. Bxf5 Bf3 46. Nd3 Be2 47. Nf4
Bd1 48. Be4 Kd7 49. Bf5+ Ke7 50. Ng6+ Nxg6 51. Bxg6 Ke6 52. Be4 Kd7 53. Bf5+ Ke7
54. Kc5 Bf3 55. Bc8 Kd8 56. Bf5 Ke7 57. a4 Bg2 58. a5 Bf3 59. Bc8 Kd8 60. Bb7
Kc7 61. a6 Be2 62. Bxc6 Bxa6 63. e6 Bc8 64. e7 Bd7 65. e8=Q Bxe8 66. Bxe8 Kb8
67. Bxh5 Kb7 68. g4 a6 69. g5 Ka7 70. g6 Kb7 71. g7 Ka7 72. g8=Q Kb7 73. Bf3+
Kc7 74. Qf7+ Kc8 75. Kd6 Kd8 76. Qf8# 1-0

[Event "24th ch-EUR Indiv w 2024"]
[Site "Rhodes GRE"]
[Date "2024.04.29"]
[Round "10.50"]
[White "Kalaiyalahan, Akshaya"]
[Black "Kroliczek, Gabriela"]
[Result "1-0"]
[WhiteTitle "FM"]
[WhiteElo "2148"]
[BlackElo "1957"]
[WhiteFideId "422894"]
[BlackFideId "21816727"]
[EventDate "2024.04.19"]

1. d4 Nf6 2. c4 b6 3. f3 c5 4. d5 d6 5. e4 e5 6. Nc3 g6 7. Bd3 a6 8. Nge2 Bg7 9.
Bg5 h6 10. Be3 Nbd7 11. Qd2 Nf8 12. g3 Bh3 13. Rg1 h5 14. Nd1 Bd7 15. Nec3 N8h7
16. Nf2 Qc8 17. a3 O-O 18. Qe2 Ne8 19. g4 hxg4 20. fxg4 Nc7 21. h4 Qd8 22. h5 b5
23. b3 Rb8 24. g5 bxc4 25. bxc4 Rb3 26. Nfd1 Qe7 27. Bc2 Rb6 28. Qh2 Rfb8 29.
Qh4 Na8 30. Rh1 R6b7 31. Ra2 Bf8 32. Bd3 Be8 33. Rah2 Rb3 34. Bc1 R8b7 35. Qg4
Rc7 36. Qg3 Qd8 37. Rh4 Rbb7 38. R1h3 Nb6 39. Nf2 Na4 40. Ncd1 Rd7 41. Bc2 Nb6
42. Nb2 Rdc7 43. Rh1 Rd7 44. Bd1 f6 45. gxf6 Qxf6 46. hxg6 Bxg6 47. Rg4 Rg7 48.
Bh6 Nc8 49. Bxg7 Rxg7 50. Rh6 Ne7 51. Ba4 Kh8 52. Be8 Rg8 53. Rhxg6 Nxg6 54.
Bxg6 Rg7 55. Nbd3 Qe7 56. Bxh7 Kxh7 57. Qh4+ Qxh4 58. Rxh4+ Kg6 59. Rg4+ Kh5 60.
Rxg7 Bxg7 61. Ke2 Bf6 62. Kf3 Bd8 63. Ng4 Kg5 64. Ne3 Ba5 65. Nf5 Bc7 66. Ng7
Kf6 67. Ne8+ 1-0

[Event "24th ch-EUR Indiv w 2024"]
[Site "Rhodes GRE"]
[Date "2024.04.29"]
[Round "10.51"]
[White "Tashkinova, Sofiia"]
[Black "Aydin, Gulenay"]
[Result "1-0"]
[BlackTitle "WFM"]
[WhiteElo "2066"]
[BlackElo "2195"]
[WhiteFideId "14188309"]
[BlackFideId "34557431"]
[EventDate "2024.04.19"]

1. e4 d6 2. d4 Nf6 3. Nc3 e5 4. Nge2 Nbd7 5. h3 Be7 6. g4 O-O 7. Bg2 c6 8. g5
Ne8 9. h4 b5 10. Ng3 Bb7 11. Nf5 b4 12. Ne2 exd4 13. Qxd4 c5 14. Qd2 Nb6 15. b3
d5 16. exd5 Nd6 17. Ne3 Qd7 18. Bb2 Rfe8 19. c4 bxc3 20. Qxc3 Bf8 21. Rd1 Rad8
22. h5 Ne4 23. Bxe4 Rxe4 24. f3 Ree8 25. h6 Nxd5 26. Nxd5 Ba6 27. Rh2 Qf5 28.
Ne7+ Rxe7 29. Rxd8 1-0

[Event "24th ch-EUR Indiv w 2024"]
[Site "Rhodes GRE"]
[Date "2024.04.29"]
[Round "10.52"]
[White "Peglau, Charis"]
[Black "Jimenez Fernandez, Rebeca"]
[Result "1-0"]
[WhiteTitle "WFM"]
[BlackTitle "WFM"]
[WhiteElo "2161"]
[BlackElo "2055"]
[WhiteFideId "16219996"]
[BlackFideId "32070934"]
[EventDate "2024.04.19"]

1. d4 d5 2. Nf3 Nf6 3. g3 e6 4. Bg2 Be7 5. O-O O-O 6. c4 c6 7. Nbd2 b6 8. b3 Bb7
9. Bb2 Nbd7 10. e3 Rc8 11. Rc1 dxc4 12. bxc4 c5 13. Qb3 Rc7 14. Rfd1 Qa8 15. a4
Ne4 16. Nxe4 Bxe4 17. Ne1 Bxg2 18. Nxg2 Qf3 19. d5 exd5 20. cxd5 Bf6 21. Ne1 Qh5
22. e4 c4 23. Qc2 Bxb2 24. Qxb2 f5 25. e5 c3 26. Qb3 Nxe5 27. d6+ Qf7 28. Qxf7+
Rcxf7 29. f4 Nd7 30. Nd3 Rf6 31. Ne5 Nc5 32. d7 Rd8 33. Rxc3 Kf8 34. Rc4 Ke7 35.
Rcd4 Re6 36. Kg2 Nb7 37. Rd5 Nc5 38. R5d4 Nb7 39. Re1 Kf8 40. Kf3 Nc5 41. h3 g6
42. g4 Kg7 43. Red1 Nb7 44. Rd5 Kf6 45. Rc1 Nc5 46. a5 Ke7 47. axb6 axb6 48.
Rcd1 Nb7 49. Re1 Kf6 50. g5+ Kg7 51. Ra1 Kf8 52. Ra7 Nc5 53. Rc7 Ke7 54. Nc6+
Rxc6 55. Rxc6 Rxd7 56. Re5+ Kf7 57. Rf6+ Kg7 58. Rxb6 Ne4 59. Reb5 Rd3+ 60. Ke2
Rxh3 61. Rb7+ Kf8 62. Ra5 Nc3+ 63. Kf2 Nd1+ 64. Ke1 1-0

[Event "24th ch-EUR Indiv w 2024"]
[Site "Rhodes GRE"]
[Date "2024.04.29"]
[Round "10.53"]
[White "Donghvani, Nia"]
[Black "Rodriguez Redondo, Adhara"]
[Result "1/2-1/2"]
[BlackTitle "WFM"]
[WhiteElo "2028"]
[BlackElo "2152"]
[WhiteFideId "13614649"]
[BlackFideId "32065698"]
[EventDate "2024.04.19"]

1. e4 e5 2. Nf3 Nc6 3. Bb5 a6 4. Ba4 Nf6 5. O-O b5 6. Bb3 Bc5 7. a4 Rb8 8. axb5
axb5 9. c3 Bb6 10. d4 d6 11. dxe5 Nxe5 12. Nxe5 dxe5 13. Qxd8+ Kxd8 14. Bg5 Ke7
15. Nd2 h6 16. Be3 Bxe3 17. fxe3 Bb7 18. Rf5 Rhd8 19. Rxe5+ Kf8 20. Rd1 Ng4 21.
Rf5 f6 22. Nf1 Ne5 23. Ng3 Rxd1+ 24. Bxd1 Rd8 25. Bc2 Bc8 26. Rf2 Nc4 27. Nf5
Bxf5 28. exf5 Nxb2 29. e4 Nc4 30. Re2 Ke7 31. Kf2 Kd6 32. Bb3 Kc5 33. Ra2 Rd3
34. Rc2 Rd2+ 35. Kf3 Ne5+ 36. Ke3 Rxc2 37. Bxc2 Ng4+ 38. Kf4 Nxh2 39. Bd3 h5 40.
e5 fxe5+ 41. Kxe5 Ng4+ 42. Kf4 Nf6 43. Ke5 Nd5 44. Bxb5 Ne3 45. Be2 Nxg2 46.
Bxh5 Kc4 47. Bf3 Nh4 48. Bc6 Kxc3 49. Kf4 Nxf5 50. Kxf5 1/2-1/2

[Event "24th ch-EUR Indiv w 2024"]
[Site "Rhodes GRE"]
[Date "2024.04.29"]
[Round "10.55"]
[White "Szente Varga, Fruzsina"]
[Black "Dwilewicz, Katarzyna"]
[Result "1-0"]
[WhiteTitle "WFM"]
[BlackTitle "WFM"]
[WhiteElo "2025"]
[BlackElo "2130"]
[WhiteFideId "712264"]
[BlackFideId "1148486"]
[EventDate "2024.04.19"]

1. e4 c5 2. Nc3 e6 3. f4 d5 4. Nf3 d4 5. Bb5+ Bd7 6. Bxd7+ Qxd7 7. Ne5 Qd8 8.
Ne2 f6 9. Nf3 Nc6 10. d3 Qd7 11. c3 dxc3 12. bxc3 e5 13. d4 cxd4 14. cxd4 exd4
15. Nexd4 Rd8 16. Be3 Bb4+ 17. Kf2 Bc3 18. Nxc6 Qxc6 19. Qb3 Bxa1 20. Rxa1 Nh6
21. h3 Nf7 22. Nd4 Qxe4 23. Ne6 Rd6 24. Nxg7+ Kf8 25. Nh5 Rc6 26. Rc1 Nd6 27.
Nxf6 Qf5 28. Rxc6 bxc6 29. Qb8+ Nc8 30. Qb2 Kf7 31. Ng4 h5 32. Qxh8 hxg4 33.
hxg4 Qxg4 34. Qh7+ Ke6 35. Qe4+ Kd7 36. Qf3 Qg8 37. Qe2 Qf7 38. Qd2+ Kc7 39. g4
a6 40. f5 Qc4 41. Kg3 c5 42. Qc1 Qxc1 43. Bxc1 Kd6 44. Bf4+ Kd5 45. g5 Ne7 46.
Kg4 Ke4 47. f6 Ng6 48. f7 Kd5 49. Kf5 Nf8 50. g6 Ne6 51. Bh6 c4 52. f8=Q Nxf8
53. Bxf8 c3 54. g7 1-0

[Event "24th ch-EUR Indiv w 2024"]
[Site "Rhodes GRE"]
[Date "2024.04.29"]
[Round "10.56"]
[White "Koridze, Lile"]
[Black "Alexandri, Dimitra"]
[Result "1/2-1/2"]
[WhiteTitle "WFM"]
[WhiteElo "2121"]
[BlackElo "1979"]
[WhiteFideId "13612514"]
[BlackFideId "42107989"]
[EventDate "2024.04.19"]

1. d4 Nf6 2. c4 g6 3. Nc3 Bg7 4. e4 d6 5. Nf3 O-O 6. Be2 e5 7. d5 a5 8. Bg5 h6
9. Be3 Ng4 10. Bd2 f5 11. h3 Nf6 12. exf5 gxf5 13. Qc1 f4 14. g3 e4 15. Nh4 f3
16. Bd1 Qe8 17. Bxh6 Qh5 18. Be3 Na6 19. Qd2 Nc5 20. Bc2 Re8 21. O-O-O a4 22. a3
Bd7 23. Kb1 b6 1/2-1/2

[Event "24th ch-EUR Indiv w 2024"]
[Site "Rhodes GRE"]
[Date "2024.04.29"]
[Round "10.57"]
[White "Walter, Ema"]
[Black "Federovski, Adi"]
[Result "0-1"]
[WhiteTitle "WFM"]
[WhiteElo "2120"]
[BlackElo "1976"]
[WhiteFideId "14960710"]
[BlackFideId "2813777"]
[EventDate "2024.04.19"]

1. e4 c5 2. Nf3 Nc6 3. c3 a6 4. d4 d6 5. d5 Nb8 6. Bd3 Bg4 7. h3 Bxf3 8. Qxf3
Nd7 9. Qe2 g6 10. O-O Bg7 11. f4 b5 12. b3 Nb6 13. Bb2 Nf6 14. Nd2 O-O 15. c4
bxc4 16. Nxc4 Nxc4 17. Bxc4 Bh6 18. g4 Bg7 19. Rad1 a5 20. e5 Nd7 21. h4 a4 22.
Bc3 axb3 23. Bxb3 Qb8 24. Rfe1 Nb6 25. Rd2 c4 26. Bd1 Na4 27. Bxa4 Rxa4 28. Rb2
Qa8 29. Qd2 Qc8 30. Qg2 Qc5+ 31. Kh1 dxe5 32. fxe5 Rd8 33. Rd1 Qe3 34. Bd4 Qh6
35. Qf2 c3 36. Be3 g5 37. Bxg5 Qg6 38. Re2 Rxg4 39. Bxe7 c2 40. Rc1 Rxd5 41.
Rcxc2 Rd1+ 42. Kh2 h6 43. Rc8+ Kh7 44. Rd8 Rdg1 45. Rdd2 R4g2+ 46. Qxg2 Rxg2+
47. Rxg2 Bxe5+ 48. Kg1 Qb1+ 49. Kf2 Qb6+ 50. Kf1 Qa6+ 51. Rde2 f5 52. Ke1 Qa5+
53. Kd1 f4 54. Rc2 f3 55. Rgf2 Bg3 56. Bc5 Bxh4 57. Rf1 Bg3 58. Rg1 Bf4 59. Bd4
Bg5 60. Bf2 Qd5+ 61. Ke1 Qe4+ 62. Kd1 Qd3+ 0-1

[Event "24th ch-EUR Indiv w 2024"]
[Site "Rhodes GRE"]
[Date "2024.04.29"]
[Round "10.58"]
[White "Abrisqueta Zudaire, Leyre"]
[Black "Makka, Ioulia"]
[Result "1-0"]
[WhiteTitle "WFM"]
[BlackTitle "WIM"]
[WhiteElo "2115"]
[BlackElo "1983"]
[WhiteFideId "32092253"]
[BlackFideId "4205316"]
[EventDate "2024.04.19"]

1. d4 g6 2. e4 Bg7 3. c4 d6 4. Nc3 Nd7 5. Nge2 e5 6. d5 a5 7. Ng3 Bh6 8. Bxh6
Nxh6 9. h4 Nc5 10. Qd2 Ng8 11. h5 g5 12. h6 Bd7 13. Rh5 f6 14. Be2 Qe7 15. Rh2
b6 16. Nb5 Kd8 17. f3 Kc8 18. Na3 Qf8 19. O-O-O Kb7 20. b3 Ne7 21. Nc2 Rg8 22.
Bd3 Rg6 23. Rdh1 Ng8 24. Ne3 Rxh6 25. Rxh6 Nxh6 26. Bc2 Qg7 27. Nh5 Qf7 28. g4
Ng8 29. Ng3 Ne7 30. Qh2 Rh8 31. Kb2 Be8 32. a3 Qf8 33. b4 axb4 34. axb4 Na6 35.
Kc3 Ng6 36. Ra1 Nb8 37. Bd3 Nf4 38. Qa2 Bg6 39. Qa8+ Kc8 40. Ra7 Qd8 41. c5 Kd7
42. Bb5+ Ke7 43. cxb6 Nd7 44. Ngf5+ Bxf5 45. Nxf5+ Kf7 46. Qxd8 Rxd8 47. bxc7 1-0

[Event "24th ch-EUR Indiv w 2024"]
[Site "Rhodes GRE"]
[Date "2024.04.29"]
[Round "10.59"]
[White "Kordzadze, Nino"]
[Black "Hajiyeva, Laman"]
[Result "0-1"]
[BlackTitle "WFM"]
[WhiteElo "1976"]
[BlackElo "2114"]
[WhiteFideId "13603817"]
[BlackFideId "13415875"]
[EventDate "2024.04.19"]

1. d4 d5 2. c4 c6 3. Nc3 Nf6 4. Nf3 dxc4 5. e4 b5 6. e5 Nd5 7. Ng5 h6 8. Nge4 e6
9. Be2 Nd7 10. a4 b4 11. Nb1 Qh4 12. g4 c5 13. Bxc4 Bb7 14. Bb5 O-O-O 15. Qe2
Nc7 16. Bf4 a6 17. Bd3 cxd4 18. Nbd2 Nc5 19. h3 Nxd3+ 20. Qxd3 Kb8 21. Rc1 Qe7
22. Rg1 Qd7 23. Nd6 Nd5 24. Bg3 Bxd6 25. exd6 e5 26. Nc4 f6 27. Kd2 Rc8 28. Rge1
Rhd8 29. f4 exf4 30. Bf2 Ne3 31. Nb6 Qxd6 32. Nxc8 Bxc8 33. b3 Qd5 34. Rc4 Nxc4+
35. Qxc4 Qxc4 36. bxc4 Kc7 37. Kd3 f5 38. Re7+ Rd7 39. Re5 fxg4 40. hxg4 Rf7 41.
g5 Bf5+ 42. Kxd4 hxg5 43. Rc5+ Kb7 44. Ke5 Bc8 45. Rd5 g4 46. Rd2 g3 47. Bc5 f3
48. Rd1 f2 49. Rf1 Bh3 0-1

[Event "24th ch-EUR Indiv w 2024"]
[Site "Rhodes GRE"]
[Date "2024.04.29"]
[Round "10.60"]
[White "Stefanidi, Maria-Anna"]
[Black "Guillo Longares, Cecilia"]
[Result "1/2-1/2"]
[WhiteTitle "WFM"]
[BlackTitle "WFM"]
[WhiteElo "1944"]
[BlackElo "2101"]
[WhiteFideId "4207750"]
[BlackFideId "32082681"]
[EventDate "2024.04.19"]

1. e4 c5 2. Nc3 Nc6 3. g3 g6 4. Bg2 Bg7 5. Nge2 Rb8 6. O-O b5 7. a3 a5 8. d3 d6
9. h3 e6 10. f4 Nge7 11. g4 Nd4 12. Be3 b4 13. axb4 axb4 14. Na4 b3 15. cxb3
Nxb3 16. Ra3 Nd4 17. Nec3 f5 18. g5 Kf7 19. Nb1 Bd7 20. Rf2 Rb4 21. Nac3 Qb6 22.
Ra2 Nec6 23. Na3 Na5 24. Nc2 Rxb2 25. Nxd4 Rxa2 26. Rxa2 cxd4 27. Bf2 Rc8 28.
Ne2 Rc7 29. h4 Qb3 30. Qd2 Qb1+ 31. Kh2 Nb3 32. Qb2 Qxd3 33. exf5 gxf5 34. h5 h6
35. g6+ Ke7 36. Qa3 Nc5 37. Qa8 Rc8 38. Qa7 Qc4 39. Bg3 d3 40. Ng1 Ne4 41. Bxe4
Qxe4 42. Bh4+ Ke8 43. Nh3 Qd4 44. Qb7 d2 45. Ra8 Qc5 46. Rxc8+ Qxc8 47. Qb3 Qc6
48. Nf2 Bd4 49. Nd1 Qb5 50. Qa3 Qd5 51. Qb4 Ba7 52. Qc3 Qd4 53. Qg3 Qg1+ 54.
Qxg1 Bxg1+ 55. Kxg1 Ba4 56. Nc3 d1=Q+ 57. Nxd1 Bxd1 58. Bf6 Kf8 59. g7+ Kg8 60.
Be7 e5 61. Bxd6 exf4 62. Bxf4 Kxg7 63. Kh2 Bxh5 64. Kg3 Bd1 65. Bc7 Kf6 66. Kf4
Ke6 67. Bd8 Bg4 68. Bh4 Kd5 69. Bf6 Kc4 70. Ke3 Kb3 71. Kd2 f4 72. Be5 f3 73.
Ke3 Kc2 74. Bf4 h5 75. Bg3 Kc3 76. Bf2 Kc4 77. Ke4 Kb5 78. Kd5 Ka6 79. Kc6 Bh3
80. Bg3 Bg2 81. Kc5 Kb7 82. Kd6 Kb6 83. Ke5 Bh3 84. Kd6 Kb5 85. Kd5 Bg2 86. Ke5
Bf1 87. Kf4 Be2 88. Bf2 Kc4 89. Kg5 Kd3 90. Kxh5 Bd1 91. Kh4 Ke2 92. Ba7 Kf1 93.
Kg3 1/2-1/2

[Event "24th ch-EUR Indiv w 2024"]
[Site "Rhodes GRE"]
[Date "2024.04.29"]
[Round "10.61"]
[White "Grapsa, Georgia"]
[Black "Orian, Noga"]
[Result "0-1"]
[WhiteTitle "WFM"]
[BlackTitle "WFM"]
[WhiteElo "1920"]
[BlackElo "2099"]
[WhiteFideId "4206436"]
[BlackFideId "2836475"]
[EventDate "2024.04.19"]

1. d4 d5 2. Nf3 Nf6 3. c4 e6 4. g3 Be7 5. Bg2 O-O 6. O-O dxc4 7. Qc2 b5 8. a4 b4
9. Ne5 Qxd4 10. Bxa8 Qxe5 11. Bf3 Nd5 12. Qxc4 Ba6 13. Qe4 Qxe4 14. Bxe4 Nc6 15.
Nd2 Nd4 16. Nf3 Nxe2+ 17. Kg2 Bf6 18. Rb1 Nb6 19. Bg5 Bxg5 20. Nxg5 f5 21. Nxe6
fxe4 22. Nxf8 Kxf8 23. f3 e3 24. Rfd1 Ke7 25. a5 Nc4 26. Rd3 Kf6 27. Re1 Nxb2
28. Rxe3 Nd4 29. Re4 Nd3 30. Rb1 c5 31. h4 Bb7 32. Rxd4 cxd4 33. Rb3 Ba6 34. f4
Bc4 35. Rb1 b3 0-1

[Event "24th ch-EUR Indiv w 2024"]
[Site "Rhodes GRE"]
[Date "2024.04.29"]
[Round "10.62"]
[White "Karaivanova, Petya"]
[Black "Kochavi, Dana"]
[Result "0-1"]
[WhiteTitle "WFM"]
[BlackTitle "WFM"]
[WhiteElo "1909"]
[BlackElo "2084"]
[WhiteFideId "2919150"]
[BlackFideId "2837137"]
[EventDate "2024.04.19"]

1. e4 c6 2. d4 d5 3. e5 Bf5 4. Nf3 e6 5. Be2 Nd7 6. O-O Bg6 7. a4 Nh6 8. a5 Nf5
9. c3 Be7 10. b4 O-O 11. Nbd2 f6 12. Nb3 fxe5 13. Nxe5 Nxe5 14. dxe5 Qc7 15. f4
c5 16. b5 c4 17. Nd4 Nxd4 18. cxd4 Bb4 19. Bg4 Rae8 20. Bh5 Bxh5 21. Qxh5 Bc3
22. Be3 Bxa1 23. Rxa1 Qd7 24. Rb1 Rc8 25. Qe2 c3 26. Qc2 Rc4 27. Rb3 Rfc8 28. g4
Qe7 29. h3 Rb4 30. Rxc3 Rbc4 31. Rxc4 Rxc4 32. Qf2 Qb4 33. Qh4 Qb1+ 34. Kh2 Rc2+
35. Bf2 Qxb5 36. Qd8+ Kf7 37. Kg3 Qe8 38. Qd6 Qe7 39. Qb8 a6 40. Kg2 Qh4 41.
Qxb7+ Kg6 42. f5+ Kh6 43. g5+ Qxg5+ 44. Kf1 Qxf5 0-1

[Event "24th ch-EUR Indiv w 2024"]
[Site "Rhodes GRE"]
[Date "2024.04.29"]
[Round "10.63"]
[White "Paasikangas, Johanna"]
[Black "Janiashvili, Mariami"]
[Result "0-1"]
[WhiteTitle "FM"]
[BlackTitle "WFM"]
[WhiteElo "2080"]
[BlackElo "1964"]
[WhiteFideId "500879"]
[BlackFideId "13612077"]
[EventDate "2024.04.19"]

1. d4 Nf6 2. c4 g6 3. Nc3 Bg7 4. e4 d6 5. Nf3 O-O 6. Be2 e5 7. O-O Nc6 8. d5 Ne7
9. Ne1 Nd7 10. Be3 f5 11. f3 f4 12. Bf2 g5 13. b4 Nf6 14. c5 h5 15. Rc1 Ng6 16.
cxd6 cxd6 17. Nb5 Rf7 18. Nxa7 Bd7 19. Qc2 Ne8 20. Bb5 g4 21. Bxd7 Rxd7 22. fxg4
hxg4 23. Qd3 Bh6 24. Rc3 Rg7 25. Kh1 g3 26. Bg1 Nf6 27. Nf3 gxh2 28. Bf2 Ng4 29.
Qc2 Ne3 30. Bxe3 fxe3 31. Rc8 Rxc8 32. Qxc8 Qxc8 33. Nxc8 Rd7 34. Kxh2 Nf4 35.
a4 Nd3 36. Rb1 e2 37. b5 Bf4+ 38. Kh3 Nf2+ 39. Kh4 Rh7# 0-1

[Event "24th ch-EUR Indiv w 2024"]
[Site "Rhodes GRE"]
[Date "2024.04.29"]
[Round "10.64"]
[White "Golsta, Ramona"]
[Black "Belluire, Beatrice"]
[Result "0-1"]
[WhiteElo "1867"]
[BlackElo "2070"]
[WhiteFideId "11607394"]
[BlackFideId "26017296"]
[EventDate "2024.04.19"]

1. d4 d5 2. c4 e6 3. Nc3 a6 4. cxd5 exd5 5. Qb3 Bd6 6. Nf3 Ne7 7. g3 c6 8. Bg2
Qc7 9. e4 dxe4 10. Nxe4 Nd5 11. Nxd6+ Qxd6 12. O-O O-O 13. Ne5 Nd7 14. f4 a5 15.
Bd2 a4 16. Qc4 N7b6 17. Qc5 Rd8 18. Qxd6 Rxd6 19. Rae1 f6 20. Nd3 Bf5 21. Nc5
Nc4 22. Bc3 b6 23. Ne4 Re6 24. Nd2 Nce3 25. Bxd5 cxd5 26. Rf3 Rae8 27. Nf1 Nc4
28. Rxe6 Rxe6 29. Nd2 Ne3 30. Nf1 Nd1 31. Bb4 Nxb2 32. Re3 Rc6 33. Rc3 Re6 34.
Re3 Be4 35. Nd2 Nd3 36. Ba3 f5 37. Nf3 Rc6 38. Ne5 Rc3 39. Bb2 Rc2 40. Nxd3 Bxd3
41. Rxd3 Rxb2 42. Rd1 a3 43. Ra1 b5 0-1

[Event "24th ch-EUR Indiv w 2024"]
[Site "Rhodes GRE"]
[Date "2024.04.29"]
[Round "10.66"]
[White "Peglau, Dora"]
[Black "Polterauer, Chiara"]
[Result "1/2-1/2"]
[BlackTitle "WFM"]
[WhiteElo "2002"]
[BlackElo "2141"]
[WhiteFideId "16220005"]
[BlackFideId "1638165"]
[EventDate "2024.04.19"]

1. c4 c5 2. Nc3 Nf6 3. Nf3 d5 4. cxd5 Nxd5 5. g3 Nc6 6. Bg2 Nc7 7. a3 e5 8. b4
f6 9. b5 Nd4 10. Rb1 Be7 11. O-O O-O 12. a4 Bf5 13. d3 Qd7 14. Ba3 Bg4 15. e3
Nxf3+ 16. Bxf3 Bxf3 17. Qxf3 b6 18. Rfd1 Rad8 19. h4 f5 20. d4 cxd4 21. Bxe7
Qxe7 22. exd4 exd4 23. Ne2 Ne6 24. Nf4 Nc5 25. Rb4 d3 26. Rc4 d2 27. Rc2 Rfe8
28. Kg2 Ne4 29. Qb3+ Kh8 30. Qc4 Nxf2 31. Rdxd2 Ng4 32. Kh3 Ne3 33. Qe2 Qe4 34.
Rc1 Rxd2 35. Qxd2 Ng4 36. Qc2 Qe3 37. Qc6 Nf6 38. Rc3 Qe1 39. Rc1 Qd2 40. Nh5
Qd8 41. Nxf6 gxf6 42. Rd1 Qxd1 1/2-1/2

[Event "24th ch-EUR Indiv w 2024"]
[Site "Rhodes GRE"]
[Date "2024.04.29"]
[Round "10.67"]
[White "Androni, Konstantina"]
[Black "Harmsen, Jessica"]
[Result "1/2-1/2"]
[BlackTitle "WIM"]
[WhiteElo "1977"]
[BlackElo "2102"]
[WhiteFideId "4215362"]
[BlackFideId "1001612"]
[EventDate "2024.04.19"]

1. d4 f5 2. e4 fxe4 3. Nc3 Nf6 4. Bg5 g6 5. Bxf6 exf6 6. Nxe4 d5 7. Ng3 Nc6 8.
Qd2 Qe7+ 9. Be2 Bd7 10. O-O-O O-O-O 11. Kb1 h5 12. h4 Bh6 13. Qc3 Qd6 14. Bd3
Rhg8 15. Nf3 Bg4 16. Bb5 Nb8 17. a4 a6 18. Be2 Bd7 19. b3 Bf8 20. Qb2 c5 21.
dxc5 Qxc5 22. Qd4 Nc6 23. Qxd5 Nb4 24. Qxc5+ Bxc5 25. Ne4 Be7 26. Ng3 Bc6 27.
Kb2 Bc5 28. Rhf1 1/2-1/2